000 00270nam a2200121Ia 4500
008 190216s9999||||xx |||||||||||||| ||und||
100 _aAkkitham
245 0 _aAnaswarante Ganam
260 _bCurrent Books
300 _a69p
650 _aMalayalam Kavitha
942 _cBK
999 _c23631
_d23631